老鷹的故事

資料類型: Book 圖書   書目號:32239

Leader xxxxxxxxxx
001 __ .b16434535
005 __ 19951117201302.0
008 __                                    chi  
010 0_ |a957-583-292-2|b平裝|dNT﹩150
010 1_ |a9575832922|bpbk.|dNT$150
050 __ |a94017656
100 __ |a19940620d1993       y0chiy09      e.
101 0_ |achi.
102 __ |acw.
105 __ |aa   z   000cy.
200 1_ |a老鷹的故事|e|f沈振中著.
205 __ |a初版.
210 __ |a臺中市|c晨星發行|a臺北市|c知己總經銷|d民82.
215 0_ |a281面|c|d21公分.
225 2_ |a自然公園|v9.
260 1_ |a1993.
410 _0 |12001 |a自然公園|v9.
606 __ |a|2csh.
606 __ |a自然保育|2csh.
681 __ |a855|b8476|v增訂七版.
700 _1 |a|b振中.|4702 __ |a|b|4
801 _1 |acw|b中圖|c19940620.
801 _0 |acw|b中圖|c19940620.
801 _2 |acw|bTUL|c19970729.
856 __ |uhttp://www.morning-star.com.tw/|zMorning Star Group|2http.

詳細館藏(共 1 筆)
索 書 號登 錄 號冊次號館別 / 館藏地流通類型狀態加入預約清單電子資源
855 / 8465 5002792  鄉土教育資源中心 / 鄉土教育資源中心 不可外借 在館   

| 條列資料




目錄查詢 分類查詢 個人資料 圖書薦購 新書查詢 閉館日 排行榜 更多電子資源 Hami書城 線上資料庫 登出

From : 216.73.216.116

  本日流通累計至 14:29:46 借閱 : 7 次 續借 : 0 次 歸還 : 9 次 預約 : 0 次 電子資源 : 0 次


內湖高中圖書館  PCLIS 版本  25.5.0.2